000 00635nam a22002177a 4500
003 UA-OsUOA
001 102443
007 ta
008 20130913b un ||||| |||| 00| 0 ukr d
100 _aЮрчук О.
090 _a82
_bЮ83
942 _cSA
040 _aUA-OsUOA
_bukr
_cUA-OsUOA
_dUA-OsUOA
245 _aУкраїнські письменники й колоніалізм: від крутійства до утопічного пророцтва
300 _aС.16-24
955 _a0
041 _aukr
080 _a82
773 0 _w102440
650 7 _a82 Література. Літературознавство
_2UDC
999 _c388669
_d388669